| 000 | 01363cam a2200217Ii 4500 | ||
|---|---|---|---|
| 020 | _a0585232091 (electronic bk.) | ||
| 020 | _a9780585232096 (electronic bk.) | ||
| 040 | _cN$T | ||
| 082 | 0 | 4 | _a307 FOR 1992 C154 Or. |
| 100 | 1 | _aNyberg, Albert. | |
| 245 | 1 | 0 | _aAccelerating China's rural transformation. |
| 300 |
_a1 online resource (xix, 132 pages) : _bcolor illustrations |
||
| 520 | 1 | _a"This report has been prepared to identify and consolidate information on crucial issues affecting future rural development in China. Prepared with the assistance of Chinese and non-Chinese scholars and analysts, the report assesses strategic options from the perspective of efficiency, equitable development, and growth. It concludes that continued reform will entail further liberalization of production, pricing, and marketing policies; strong government promotion of a market environment; and investments in public services and infrastructure."--Jacket | |
| 650 | 0 | _aRural development | |
| 700 | 1 | _aRozelle, Scott. | |
| 710 | 2 | _aOhio Library and Information Network. | |
| 710 | 2 | _aWorld Bank. | |
| 856 | 4 | 0 | _uhttp://search.ebscohost.com/login.aspx?direct=true&scope=site&db=nlebk&db=nlabk&AN=26741 |
| 856 | 4 | 0 | _uhttp://proxy.ohiolink.edu:9099/login?url=http://search.ebscohost.com/login.aspx?direct=true&scope=site&db=nlebk&db=nlabk&AN=26741 |
| 942 | _cAEDBB | ||
| 999 |
_c18913 _d18913 |
||